000
00232nam a22001097a 4500
999
_c
65148
_d
65145
082
_a
954
100
_a
مشتاق٫ مسرور
245
_a
اسلامیات لازمی
260
_a
حیدرآباد
300
_a
295P
942
_c
BK